[Event "18e tournoi de Noël"]
[Site "Montigny le Bretonneux"]
[Date "2017.12.28"]
[Round "4.5"]
[White "Plantet, Marc"]
[Black "Fayolle, Guy"]
[Result "1-0"]
[WhiteElo "1774"]
[BlackElo "1742"]
[Annotator "Rivier,Sylvain"]
[PlyCount "111"]
[EventDate "2017.??.??"]

{Partie espagnole, attaque anglaise} 1. e4 e5 2. Nf3 Nc6 3. Bb5 a6 4. Ba4 Nf6
5. O-O Be7 6. Qe2 b5 7. Bb3 d6 8. c3 Na5 9. Bc2 c5 10. a4 Bd7 11. Rd1 O-O 12.
d4 Qc7 13. d5 c4 14. Nbd2 Rac8 15. Nf1 Nb3 16. Bxb3 cxb3 17. a5 Qc4 18. Qxc4
bxc4 19. Ng3 g6 20. Bh6 Rfe8 21. h3 Bd8 22. Be3 Bb5 23. Nd2 Nd7 24. f4 Nc5 25.
Bxc5 Rxc5 26. fxe5 dxe5 27. Ndf1 Bd7 28. Ne3 Bg5 29. Nef1 f5 30. Nd2 Kg7 31.
Nf3 Bf4 32. Kf2 Bxg3+ 33. Kxg3 fxe4 34. Nd2 e3 35. Ne4 Rc7 36. Kf3 Bf5 37. Kxe3
Bxe4 38. Kxe4 Rc5 39. d6 Kf6 40. Rd5 Rxd5 41. Kxd5 e4 42. d7 Rd8 43. Kd6 Kf5
44. Ke7 Rxd7+ 45. Kxd7 e3 46. Kc6 Ke4 47. Kb6 e2 48. Kxa6 Kd3 49. Kb5 Kc2 50.
a6 Kxb2 51. Re1 Kxc3 52. a7 b2 53. a8=Q Kd2 54. Qa5+ c3 55. Rb1 e1=Q 56. Rxe1
1-0

[Event "18e tournoi de Noël"]
[Site "Montigny le Bretonneux"]
[Date "2017.12.28"]
[Round "4.6"]
[White "Belan, Guillaume"]
[Black "Artieres, Michel"]
[Result "0-1"]
[WhiteElo "1135"]
[BlackElo "1763"]
[Annotator "Rivier,Sylvain"]
[PlyCount "70"]
[EventDate "2017.??.??"]

{Défense vieille indienne, variante ukrainienne} 1. Nf3 Nf6 2. d4 d6 3. c4 Nbd7
4. Nc3 e5 5. Bg5 Be7 6. Bxf6 Bxf6 7. e3 O-O 8. Bd3 g6 9. O-O Bg7 10. Be4 c6 11.
d5 c5 12. Rb1 Nb6 13. Bd3 f5 14. Nd2 e4 15. Be2 Nd7 16. a3 Ne5 17. f4 Nf7 18.
Rc1 Bd7 19. b4 cxb4 20. axb4 Qb6 21. Qb3 Qxe3+ 22. Rf2 Qxd2 23. Rc2 Qe3 24. b5
Bd4 25. Bf1 Qxf4 26. Nd1 Bxf2+ 27. Rxf2 Qg5 28. g3 Ne5 29. Rf4 Rfc8 30. Ne3
Nf3+ 31. Kh1 Qh6 32. Qc2 Qg7 33. Be2 Qa1+ 34. Bd1 Bxb5 35. Kg2 Ne1+ 0-1

[Event "18e tournoi de Noël"]
[Site "Montigny le Bretonneux"]
[Date "2017.12.28"]
[Round "4.7"]
[White "Verat-Fayolle, Celian"]
[Black "Grandjean, Anthony"]
[Result "1-0"]
[WhiteElo "1710"]
[BlackElo "1687"]
[Annotator "Rivier,Sylvain"]
[PlyCount "60"]
[EventDate "2017.??.??"]

{Défense moderne, système Averbach} 1. e4 c6 2. c4 g6 3. d4 Bg7 4. Nf3 d6 5.
Nc3 Bg4 6. Be2 e6 7. Be3 Ne7 8. Qd2 Nd7 9. O-O O-O 10. Bh6 Nb6 11. Bxg7 Kxg7
12. b3 Bxf3 13. Bxf3 d5 14. cxd5 cxd5 15. e5 a6 16. Be2 Rc8 17. Bd3 Nc6 18. Ne2
Nd7 19. Rac1 Qb6 20. Bb1 Rc7 21. h4 Rfc8 22. Kh2 Ne7 23. Rxc7 Rxc7 24. h5 Nf5
25. g4 Nh6 26. Kg3 Rc6 27. Rh1 Ng8 28. hxg6 fxg6 29. Qg5 Qb4 30. Rxh7+ Kxh7 1-0

[Event "18e tournoi de Noël"]
[Site "Montigny le Bretonneux"]
[Date "2017.12.28"]
[Round "4.8"]
[White "Appavou, Calixte"]
[Black "Bouloc, Roger"]
[Result "1-0"]
[WhiteElo "1896"]
[BlackElo "1427"]
[Annotator "Rivier,Sylvain"]
[PlyCount "105"]
[EventDate "2017.??.??"]

{Défense scandinave} 1. e4 d5 2. exd5 Nf6 3. Bb5+ Bd7 4. Bc4 e6 5. dxe6 Bxe6 6.
Bxe6 fxe6 7. Ne2 e5 8. O-O Bd6 9. Nbc3 O-O 10. d3 Nbd7 11. Ng3 Qe8 12. Nge4
Nxe4 13. Nxe4 Qg6 14. Be3 c5 15. f3 b6 16. Qe1 Rae8 17. Qg3 Qxg3 18. Nxg3 b5
19. Ne4 Be7 20. Rf2 Rc8 21. Re2 a6 22. Rae1 a5 23. Bg5 Bxg5 24. Nxg5 h6 25. Ne4
a4 26. Nf2 b4 27. Ng4 c4 28. Nxe5 Nxe5 29. Rxe5 cxd3 30. cxd3 Rc2 31. R5e2 Rfc8
32. Kf2 Rc1 33. Re8+ Rxe8 34. Rxc1 Kf7 35. Rc4 Rd8 36. Ke3 Rb8 37. d4 Ke6 38.
Kd3 Kd5 39. Rc7 b3 40. a3 Re8 41. Rc5+ Kd6 42. Rc4 Re1 43. Rxa4 Rg1 44. Rb4
Rxg2 45. Rxb3 Rxh2 46. a4 g5 47. a5 Rh3 48. Kc4 h5 49. a6 g4 50. a7 Rxf3 51.
a8=Q Rxb3 52. Kxb3 g3 53. Qb8+ 1-0

[Event "18e tournoi de Noël"]
[Site "Montigny le Bretonneux"]
[Date "2017.12.28"]
[Round "4.9"]
[White "Chaintreau, Thomas"]
[Black "Boet, Luc"]
[Result "1/2-1/2"]
[WhiteElo "1228"]
[BlackElo "1512"]
[Annotator "Rivier,Sylvain"]
[PlyCount "62"]
[EventDate "2017.??.??"]

{Gambit dame} 1. d4 d5 2. c4 c6 3. Nc3 Nf6 4. Bg5 e6 5. Bxf6 Qxf6 6. e4 dxc4 7.
Bxc4 Nd7 8. Nf3 Qd8 9. O-O Be7 10. Qd2 O-O 11. Rad1 Nb6 12. Bb3 h6 13. d5 exd5
14. exd5 cxd5 15. Nxd5 Nxd5 16. Bxd5 Qb6 17. Rfe1 Bf6 18. Ne5 Bxe5 19. Rxe5 Be6
20. Qe2 Rae8 21. Re1 Kh8 22. b3 Bd7 23. Qb2 Rxe5 24. Rxe5 Bc6 25. Bxc6 Qxc6 26.
h3 Rd8 27. Re3 f6 28. Qb1 Qd6 29. Re1 a5 30. Qg6 Qd7 31. Qh5 b6 1/2-1/2

[Event "18e tournoi de Noël"]
[Site "Montigny le Bretonneux"]
[Date "2017.12.28"]
[Round "4.10"]
[White "Baltzer, Jean-Marc"]
[Black "Ferreira Da Silva, Jose Candido"]
[Result "1-0"]
[WhiteElo "1356"]
[BlackElo "1390"]
[Annotator "Rivier,Sylvain"]
[PlyCount "91"]
[EventDate "2017.??.??"]

{Ouverture anglaise} 1. c4 e5 2. Nc3 Nf6 3. e4 Bb4 4. d3 O-O 5. g3 d6 6. h3 Nc6
7. Bg2 Nd4 8. Nge2 c6 9. O-O Be6 10. Nxd4 exd4 11. Ne2 Bc5 12. f4 d5 13. f5 Bc8
14. cxd5 cxd5 15. e5 Nd7 16. Bf4 Re8 17. e6 fxe6 18. fxe6 Nf6 19. Bg5 Bxe6 20.
Bxf6 gxf6 21. Qd2 Qe7 22. Rf2 Qg7 23. g4 Kh8 24. Qf4 Rf8 25. Raf1 Rf7 26. Kh1
Rd8 27. Rf3 b6 28. Nxd4 Bd6 29. Nxe6 Bxf4 30. Nxg7 Kxg7 31. Rxf4 d4 32. Be4 h6
33. Rc1 Rdd7 34. Bf5 Rd6 35. Rc4 Re7 36. Be4 b5 37. Rc6 Rxc6 38. Bxc6 Re1+ 39.
Kg2 Re2+ 40. Rf2 Rxf2+ 41. Kxf2 b4 42. Be4 Kf7 43. Bd5+ Ke7 44. Kf3 Kd6 45. Ke4
Kc5 46. Bc4 1-0

[Event "18e tournoi de Noël"]
[Site "Montigny le Bretonneux"]
[Date "2017.12.28"]
[Round "4.11"]
[White "Benbakir, Ameur"]
[Black "Fruchard, Alois"]
[Result "1-0"]
[WhiteElo "1524"]
[BlackElo "1331"]
[Annotator "Rivier,Sylvain"]
[PlyCount "91"]
[EventDate "2017.??.??"]

{Défense française, variante d'échange} 1. e4 e6 2. d4 d5 3. exd5 exd5 4. Nf3
Nf6 5. Bd3 Bd6 6. O-O Nc6 7. c3 Bg4 8. h3 Be6 9. Nbd2 Qd7 10. Ng5 O-O-O 11. b4
h6 12. Nxe6 fxe6 13. a4 e5 14. b5 Ne7 15. a5 e4 16. Be2 g5 17. b6 a6 18. bxc7
Bxc7 19. Qb3 Qd6 20. g3 Nc6 21. Ba3 Qe6 22. Kg2 Nxa5 23. Qb2 h5 24. Nb3 g4 25.
h4 Qc6 26. Be7 Nxb3 27. Qxb3 Rde8 28. Bxf6 Qxf6 29. Qxd5 Re6 30. Rfb1 b5 31.
Bxb5 Rb6 32. Qa8+ Bb8 33. Bxa6+ Kc7 34. Be2 Rf8 35. Rf1 Rb2 36. Qxe4 Rf7 37.
Ra5 Re7 38. Rc5+ Kb6 39. Qd3 Rexe2 40. Rf5 Qc6+ 41. d5 Qc5 42. d6 Bxd6 43. Rxc5
Bxc5 44. Qf5 Rb3 45. Qg6+ Kb5 46. Qd3+ 1-0

[Event "18e tournoi de Noël"]
[Site "Montigny le Bretonneux"]
[Date "2017.12.28"]
[Round "4.12"]
[White "Montay, Jean-Paul"]
[Black "Belan, Pascal"]
[Result "0-1"]
[WhiteElo "1360"]
[BlackElo "1493"]
[Annotator "Rivier,Sylvain"]
[PlyCount "106"]
[EventDate "2017.??.??"]

{Ouverture anglaise} 1. c4 e5 2. Nc3 d6 3. g3 f5 4. d3 Nf6 5. e3 Be7 6. Bg2 O-O
7. Nge2 c6 8. O-O Be6 9. b3 Nbd7 10. d4 Bf7 11. Bb2 e4 12. Bh3 g6 13. f3 d5 14.
c5 Re8 15. b4 Bf8 16. f4 Be7 17. b5 Kg7 18. a4 Rh8 19. bxc6 bxc6 20. Rb1 h5 21.
Qc2 h4 22. Kg2 Rh7 23. Rh1 Ng4 24. Bxg4 fxg4 25. Rbg1 Qc7 26. h3 Nf6 27. Kf1
Rah8 28. gxh4 Rxh4 29. Ng3 Be6 30. Qf2 gxh3 31. f5 Ng4 32. Qe1 Bxf5 33. Qd2 Bc8
34. Ncxe4 Rf8+ 35. Nf2 Rxf2+ 36. Qxf2 Nxf2 37. Kxf2 Qa5 38. Ne2 Qc7 39. Nf4
Rxf4+ 40. exf4 Qxf4+ 41. Ke2 Ba6+ 42. Kd1 Bg5 43. Kc2 Qd2+ 44. Kb1 Bd3+ 45. Ka1
Qc2 46. Ka2 Qxa4+ 47. Ba3 Qc4+ 48. Kb2 Qc2+ 49. Ka1 Bd2 50. Rb1 Bc3+ 51. Rb2
Bxb2+ 52. Bxb2 Qg2 53. Re1 Be4 0-1

[Event "18e tournoi de Noël"]
[Site "Montigny le Bretonneux"]
[Date "2017.12.28"]
[Round "4.13"]
[White "Boucher, Francis"]
[Black "Rouast, Joseph"]
[Result "0-1"]
[WhiteElo "1224"]
[BlackElo "1411"]
[Annotator "Rivier,Sylvain"]
[PlyCount "55"]
[EventDate "2017.??.??"]

{Défense est-indienne} 1. d4 Nf6 2. c4 g6 3. Nf3 Bg7 4. Nc3 d6 5. Bf4 Bg4 6. e3
Nbd7 7. h3 Bxf3 8. Qxf3 b6 9. Bd3 c5 10. Nb5 O-O 11. Nc3 e5 12. Bh2 cxd4 13.
exd4 exd4 14. Ne4 Ne5 15. Qd1 Nxd3+ 16. Qxd3 Nxe4 17. O-O Nc5 18. Qf3 Qd7 19.
b3 Rad8 20. Rfe1 Rfe8 21. Red1 d5 22. b4 Ne6 23. cxd5 Qxd5 24. Qd3 Rc8 25. a3
Qc4 26. Qe4 d3 27. Qxd3 Bxa1 28. Rc1 0-1

[Event "18e tournoi de Noël"]
[Site "Montigny le Bretonneux"]
[Date "2017.12.28"]
[Round "4.14"]
[White "Thomas, Robert"]
[Black "Tanchoux, Pierre"]
[Result "0-1"]
[WhiteElo "1330"]
[BlackElo "1279"]
[Annotator "Rivier,Sylvain"]
[PlyCount "60"]
[EventDate "2017.??.??"]

{Défense sicilienne, variante Najdorf} 1. e4 c5 2. Nf3 d6 3. h3 Nf6 4. Nc3 a6
5. d4 cxd4 6. Nxd4 e6 7. Bd3 Be7 8. O-O O-O 9. Re1 b5 10. b4 Bb7 11. Bg5 Nfd7
12. Bxe7 Qxe7 13. Nf3 Nc6 14. a3 Nce5 15. Nxe5 Nxe5 16. Be2 Rac8 17. Qd2 Qc7
18. Rec1 Qxc3 19. Qxd6 Rfd8 20. Qb6 Qc6 21. Qe3 Qxe4 22. Bf3 Nxf3+ 23. gxf3
Qxe3 24. fxe3 Bxf3 25. Kf2 Be4 26. c3 Rd2+ 27. Kg3 Rd3 28. Kf4 Rc4 29. Ra2 Bd5+
30. Ke5 Re4+ 0-1

[Event "18e tournoi de Noël"]
[Site "Montigny le Bretonneux"]
[Date "2017.12.28"]
[Round "4.15"]
[White "Chaintreau, Maxime"]
[Black "Jen, Jin-Xian-Koki"]
[Result "0-1"]
[WhiteElo "1097"]
[BlackElo "1169"]
[Annotator "Rivier,Sylvain"]
[PlyCount "66"]
[EventDate "2017.??.??"]

{Gambit dame} 1. d4 Nf6 2. c4 e6 3. Nc3 d5 4. cxd5 exd5 5. Bg5 Bb4 6. Qb3 Bxc3+
7. bxc3 c6 8. Nf3 O-O 9. e3 h6 10. Bh4 g5 11. Bg3 Nbd7 12. h4 g4 13. Nh2 h5 14.
f3 Re8 15. c4 Nb6 16. c5 Nc4 17. Bxc4 dxc4 18. Qc3 Nd5 19. Qxc4 Nxe3 20. Qd3
Nc2+ 21. Kf2 Nxa1 22. Rxa1 Qf6 23. Be5 Bf5 24. Qd2 Qxh4+ 25. Bg3 Qe7 26. Be5 f6
27. Bd6 Qg7 28. Qf4 Qg5 29. Bc7 Qxf4 30. Bxf4 Kh7 31. Rh1 gxf3 32. Nxf3 Bg4 33.
Nh2 Kg6 0-1

[Event "18e tournoi de Noël"]
[Site "Montigny le Bretonneux"]
[Date "2017.12.29"]
[Round "5.2"]
[White "Delmas-Goyon, Francois"]
[Black "Drouot, Frederic"]
[Result "1/2-1/2"]
[WhiteElo "1902"]
[BlackElo "1919"]
[Annotator "Rivier,Sylvain"]
[PlyCount "59"]
[EventDate "2017.??.??"]

{Défense Pirc} 1. e4 d6 2. d4 Nf6 3. Bd3 g6 4. f4 Bg7 5. Nf3 Nc6 6. c3 Bg4 7.
O-O O-O 8. Be3 d5 9. Nbd2 dxe4 10. Nxe4 Nd5 11. Qe2 Nxe3 12. Qxe3 Bxf3 13. Qxf3
e6 14. Rad1 Qd5 15. Bb1 Rad8 16. Qe2 b6 17. Nd2 Ne7 18. Nf3 Qd6 19. Ne5 c5 20.
Kh1 Nd5 21. Qe4 Qc7 22. g4 cxd4 23. cxd4 f5 24. Qe2 Qd6 25. Rde1 Nf6 26. gxf5
Qd5+ 27. Nf3 exf5 28. Bd3 Kh8 29. Bc4 Qb7 30. Kg1 1/2-1/2

[Event "18e tournoi de Noël"]
[Site "Montigny le Bretonneux"]
[Date "2017.12.29"]
[Round "5.3"]
[White "Benbakir, Chouaib"]
[Black "Verat-Fayolle, Celian"]
[Result "1/2-1/2"]
[WhiteElo "1817"]
[BlackElo "1710"]
[Annotator "Rivier,Sylvain"]
[PlyCount "92"]
[EventDate "2017.??.??"]

{Partie italienne} 1. e4 e5 2. Nf3 Nc6 3. Bc4 Be7 4. d4 exd4 5. Nxd4 Nf6 6. Nc3
d6 7. O-O O-O 8. Re1 Re8 9. Nxc6 bxc6 10. e5 Ng4 11. e6 f5 12. Qf3 Ne5 13. Rxe5
dxe5 14. Be3 Kh8 15. Qxc6 Rb8 16. Rd1 Bd6 17. Nb5 Bxe6 18. Nxd6 Bxc4 19. Nf7+
Bxf7 20. Rxd8 Rexd8 21. h3 Rxb2 22. Qxc7 Rd1+ 23. Kh2 Bxa2 24. Qxe5 Rxc2 25.
Bd4 Rxd4 26. Qxd4 a5 27. Qd8+ Bg8 28. Qxa5 Rxf2 29. Kg1 Rf4 30. Qe5 Re4 31.
Qxf5 Rc4 32. Kh2 Rc3 33. g4 Ra3 34. Qc5 Rb3 35. h4 h6 36. g5 hxg5 37. hxg5 g6
38. Qf8 Rd3 39. Qf6+ Kh7 40. Qe7+ Kh8 41. Qe4 Rd2+ 42. Kg3 Bf7 43. Qe5+ Kg8 44.
Qc7 Rd5 45. Kf4 Kg7 46. Qc3+ Kg8 1/2-1/2

[Event "18e tournoi de Noël"]
[Site "Montigny le Bretonneux"]
[Date "2017.12.29"]
[Round "5.4"]
[White "Artieres, Michel"]
[Black "Guedira, Aimen"]
[Result "1/2-1/2"]
[WhiteElo "1763"]
[BlackElo "1804"]
[Annotator "Rivier,Sylvain"]
[PlyCount "79"]
[EventDate "2017.??.??"]

{Défense sicilienne, variante Löwenthal} 1. e4 c5 2. Nf3 Nc6 3. d4 cxd4 4. Nxd4
Nf6 5. Nc3 e5 6. Ndb5 d6 7. Bg5 a6 8. Na3 b5 9. Nd5 Be7 10. Bxf6 Bxf6 11. Be2
O-O 12. c3 Bg5 13. O-O Ne7 14. Nc2 Be6 15. Nxe7+ Qxe7 16. Nb4 g6 17. a4 bxa4
18. Rxa4 a5 19. Nd5 Qb7 20. b4 Bxd5 21. Qxd5 Qxd5 22. exd5 axb4 23. Rxa8 Rxa8
24. cxb4 Ra2 25. Bc4 Rc2 26. Bd3 Rd2 27. Bc4 Rd4 28. Ba2 Rxb4 29. Rb1 Rxb1+ 30.
Bxb1 f5 31. f3 h5 32. g3 Kf7 33. Bd3 Be3+ 34. Kg2 Ke7 35. h3 Kd8 36. g4 hxg4
37. hxg4 fxg4 38. Bxg6 gxf3+ 39. Kxf3 Bd2 40. Ke4 1/2-1/2

[Event "18e tournoi de Noël"]
[Site "Montigny le Bretonneux"]
[Date "2017.12.29"]
[Round "5.5"]
[White "Baltzer, Jean-Marc"]
[Black "Plantet, Marc"]
[Result "0-1"]
[WhiteElo "1356"]
[BlackElo "1774"]
[Annotator "Rivier,Sylvain"]
[PlyCount "164"]
[EventDate "2017.??.??"]

{Ouverture anglaise} 1. c4 b6 2. Nc3 e6 3. e4 Bb7 4. g3 f5 5. f3 Bb4 6. Nge2
Nf6 7. Bg2 O-O 8. O-O Nc6 9. d4 Bxc3 10. Nxc3 d5 11. cxd5 exd5 12. e5 Ne8 13.
Be3 Ne7 14. Qd2 c6 15. b4 Nc7 16. Ne2 Ba6 17. Rfc1 Bxe2 18. Qxe2 a5 19. a3 Ne6
20. Qd3 Qd7 21. f4 Ra7 22. Bd2 a4 23. Rc2 Rb8 24. Be3 Rc7 25. Rd1 Nc8 26. Qxf5
c5 27. Bh3 Nf8 28. Qxd7 Nxd7 29. Be6+ Kf8 30. Bxd5 Ne7 31. Be4 c4 32. d5 Rcc8
33. d6 Ng6 34. Bf5 Rb7 35. Bxd7 Rxd7 36. Bxb6 Kf7 37. Rdc1 Nf8 38. Rxc4 Rb8 39.
Bf2 Ke6 40. Rc8 Rxc8 41. Rxc8 Rf7 42. Rc7 Nd7 43. Ra7 g5 44. Be3 gxf4 45. gxf4
Kd5 46. Kf2 Nxe5 47. Rxf7 Nxf7 48. d7 Kd6 49. d8=Q+ Nxd8 50. Ke2 Kd5 51. Kd3
Nb7 52. Bd4 Nd6 53. Bb2 h5 54. h4 Nf5 55. Bf6 Ke6 56. Bd8 Nd6 57. Bg5 Nb5 58.
f5+ Kxf5 59. Bc1 Ke5 60. Kc4 Nd6+ 61. Kc5 Ne4+ 62. Kc4 Kd6 63. Bb2 Kc6 64. b5+
Kb6 65. Kb4 Nd6 66. Bd4+ Kb7 67. Kxa4 Nf5 68. Bf6 Ne3 69. Kb3 Nd5 70. Bg5 Nc7
71. a4 Ne6 72. Be3 Nc7 73. Kc4 Ne8 74. Kc5 Ng7 75. Kc4 Nf5 76. Bf2 Ne7 77. a5
Ng6 78. a6+ Ka8 79. b6 Ne5+ 80. Kd5 Nd3 81. b7+ Kb8 82. Kc6 Nb4+ 0-1

[Event "18e tournoi de Noël"]
[Site "Montigny le Bretonneux"]
[Date "2017.12.29"]
[Round "5.6"]
[White "Fayolle, Guy"]
[Black "Appavou, Calixte"]
[Result "0-1"]
[WhiteElo "1742"]
[BlackElo "1896"]
[Annotator "Rivier,Sylvain"]
[PlyCount "128"]
[EventDate "2017.??.??"]

{Défense scandinave} 1. e4 d5 2. exd5 Nf6 3. c4 c6 4. dxc6 Nxc6 5. Be2 e5 6.
Nc3 Bc5 7. d3 h6 8. Nf3 O-O 9. O-O Bf5 10. a3 a5 11. h3 Qd7 12. Na4 Ba7 13. Qb3
Rad8 14. Rd1 Bxh3 15. g3 Nd4 16. Nxd4 Bxd4 17. Be3 Bg4 18. Bxg4 Nxg4 19. Bxd4
Qxd4 20. Qb6 Qd7 21. Nc3 Qf5 22. Ne4 Qh5 23. Kg2 Qh2+ 24. Kf3 Qh5 25. Rh1 Qf5+
26. Ke2 Qd7 27. Rad1 f5 28. Nc5 Qd4 29. Na4 e4 30. Qxd4 Rxd4 31. Nc5 exd3+ 32.
Rxd3 Rxc4 33. Nxb7 a4 34. f3 Nf6 35. Kd2 Rb8 36. Nd6 Rxb2+ 37. Ke3 Rcc2 38.
Nxf5 Rc5 39. g4 Ra5 40. Rhd1 Rb3 41. Ne7+ Kf7 42. Nf5 h5 43. Nd6+ Ke6 44. g5
Nd5+ 45. Ke4 Rxd3 46. Rxd3 Kxd6 47. f4 g6 48. f5 gxf5+ 49. Kxf5 Ke7 50. Rd4 Kf7
51. g6+ Kg7 52. Ke6 Nf6 53. Rf4 Ra6+ 54. Kf5 Ng4 55. Kg5 Ra5+ 56. Kh4 Kxg6 57.
Rb4 Nf6 58. Rc4 Kf5 59. Rb4 Re5 60. Rxa4 Re4+ 61. Rxe4 Kxe4 62. Kg5 Kd4 63. Kh4
Kc5 64. Kg5 Kb5 0-1

[Event "18e tournoi de Noël"]
[Site "Montigny le Bretonneux"]
[Date "2017.12.29"]
[Round "5.7"]
[White "Rayeh, Anas"]
[Black "Toussaint, Antoine"]
[Result "0-1"]
[WhiteElo "1060"]
[BlackElo "1761"]
[Annotator "Rivier,Sylvain"]
[PlyCount "58"]
[EventDate "2017.??.??"]

{Défense sicilienne} 1. e4 c5 2. Nf3 d6 3. Bc4 Nc6 4. d3 e6 5. Nc3 Nf6 6. O-O
Be7 7. Bg5 a6 8. a4 b6 9. Qe2 Bb7 10. Qd2 O-O 11. Bxf6 Bxf6 12. Ne2 d5 13. Bb3
Nd4 14. Nexd4 dxe4 15. Nxe6 fxe6 16. Bxe6+ Kh8 17. Ne1 Bxb2 18. Rb1 Be5 19. a5
b5 20. f3 exd3 21. Rd1 Qd6 22. Nxd3 Bd4+ 23. Nf2 Qxe6 24. Rde1 Qg6 25. g3 Rxf3
26. Kh1 Rxg3+ 27. Ne4 Bxe4+ 28. Rf3 Bxf3+ 29. Qg2 Bxg2# 0-1

[Event "18e tournoi de Noël"]
[Site "Montigny le Bretonneux"]
[Date "2017.12.29"]
[Round "5.8"]
[White "Tanchoux, Pierre"]
[Black "Benbakir, Ameur"]
[Result "1-0"]
[WhiteElo "1279"]
[BlackElo "1524"]
[Annotator "Rivier,Sylvain"]
[PlyCount "55"]
[EventDate "2017.??.??"]

{Défense sicilienne, variante du dragon} 1. e4 c5 2. Nf3 d6 3. d4 cxd4 4. Nxd4
Nf6 5. Nc3 g6 6. Be2 Bg7 7. O-O O-O 8. Nf3 Nc6 9. a3 a6 10. Re1 b5 11. Rb1 Bb7
12. Bd3 Rc8 13. Bd2 e6 14. Qc1 d5 15. Bh6 d4 16. Bxg7 Kxg7 17. Ne2 e5 18. b4
Re8 19. Qb2 Na7 20. Rbd1 Nxe4 21. Nxe5 Nc3 22. Nxc3 dxc3 23. Qc1 Qc7 24. Ng4 f5
25. Qh6+ Kh8 26. Rxe8+ Rxe8 27. Nf6 Rf8 28. Qxf8# 1-0

[Event "18e tournoi de Noël"]
[Site "Montigny le Bretonneux"]
[Date "2017.12.29"]
[Round "5.9"]
[White "Boet, Luc"]
[Black "Belan, Guillaume"]
[Result "1-0"]
[WhiteElo "1512"]
[BlackElo "1135"]
[Annotator "Rivier,Sylvain"]
[PlyCount "59"]
[EventDate "2017.??.??"]

{Défense moderne, système Averbach} 1. d4 g6 2. c4 Bg7 3. Nc3 d6 4. e4 Nd7 5.
Nge2 c5 6. d5 Qa5 7. Bd2 a6 8. Ng3 Nb6 9. Be2 Nd7 10. O-O Qb6 11. Rb1 Ngf6 12.
f4 O-O 13. Bf3 Re8 14. Re1 e5 15. dxe6 fxe6 16. e5 Nh5 17. Nxh5 gxh5 18. Be4
Nf8 19. Qxh5 Bd7 20. exd6 Bc6 21. Bxc6 Qxc6 22. Ne4 Qa4 23. Bc3 Nd7 24. Bxg7
Kxg7 25. Ng5 Nf6 26. Qf7+ Kh6 27. Qxf6+ Kh5 28. Nf3 Rg8 29. Re5+ Kg4 30. Qh4#
1-0

[Event "18e tournoi de Noël"]
[Site "Montigny le Bretonneux"]
[Date "2017.12.29"]
[Round "5.10"]
[White "Belan, Pascal"]
[Black "Chaintreau, Thomas"]
[Result "1-0"]
[WhiteElo "1493"]
[BlackElo "1228"]
[Annotator "Rivier,Sylvain"]
[PlyCount "119"]
[EventDate "2017.??.??"]

{Défen Défense sicilienne, variante Alapine} 1. e4 e6 2. d4 c5 3. c3 d5 4. exd5
exd5 5. Nf3 Nf6 6. Be2 Bd6 7. O-O O-O 8. Bg5 Nc6 9. dxc5 Be7 10. Nbd2 Bxc5 11.
Bxf6 Qxf6 12. Nb3 Qd6 13. Nxc5 Qxc5 14. Qc2 h6 15. Rad1 Be6 16. Nd4 Nxd4 17.
Rxd4 Rfe8 18. Bf3 Rac8 19. Rfd1 Rc7 20. Qd2 Rce7 21. h3 Qd6 22. c4 Rc8 23. Bxd5
Bxd5 24. Rxd5 Qc7 25. Rd8+ Re8 26. Rxe8+ Rxe8 27. b3 b6 28. Qc2 Qc5 29. Qd3 Qb4
30. Qd2 Qxd2 31. Rxd2 Kf8 32. Kf1 g6 33. Rd7 a5 34. Rd6 Re6 35. Rxe6 fxe6 36.
Ke2 Ke7 37. Ke3 Kd6 38. a3 Kc5 39. Kd3 Kd6 40. b4 a4 41. Ke4 e5 42. f4 exf4 43.
Kxf4 Ke6 44. Ke4 Kd6 45. Kd4 Ke6 46. c5 b5 47. Ke4 h5 48. Kf4 Kf6 49. c6 g5+
50. Ke4 Ke6 51. c7 Kd7 52. Kf5 Kxc7 53. Kxg5 Kd6 54. Kxh5 Kd5 55. g4 Kc4 56. g5
Kb3 57. g6 Kxa3 58. g7 Kxb4 59. g8=Q a3 60. Qa2 1-0

[Event "18e tournoi de Noël"]
[Site "Montigny le Bretonneux"]
[Date "2017.12.29"]
[Round "5.11"]
[White "Bouloc, Roger"]
[Black "Rouast, Joseph"]
[Result "0-1"]
[WhiteElo "1427"]
[BlackElo "1411"]
[Annotator "Rivier,Sylvain"]
[PlyCount "140"]
[EventDate "2017.??.??"]

{Défense française, variante Tarrasch fermée} 1. e4 e6 2. d4 d5 3. Nd2 Nf6 4.
e5 Nfd7 5. Bd3 c5 6. c3 Nc6 7. Ne2 cxd4 8. cxd4 f6 9. exf6 Nxf6 10. Nf3 Bd6 11.
O-O O-O 12. Bg5 Qc7 13. Rc1 Bd7 14. a3 Rac8 15. b4 a6 16. h3 Qb8 17. Qd2 Nh5
18. Ne5 Nxe5 19. dxe5 Bxe5 20. Rxc8 Qxc8 21. f4 Bd6 22. g4 Nf6 23. Qe3 Bb8 24.
Rc1 Qe8 25. Qb6 Rf7 26. Qc5 Bb5 27. Qe3 Bxd3 28. Qxd3 Ne4 29. Rf1 Nxg5 30. fxg5
Rxf1+ 31. Kxf1 Qf7+ 32. Kg2 e5 33. Qg3 Qc7 34. Nc3 d4 35. Ne4 Qc2+ 36. Nf2 Qc6+
37. Qf3 Qxf3+ 38. Kxf3 Kf7 39. Ke4 Ke6 40. h4 Bd6 41. Nd3 b6 42. a4 Bf8 43. h5
Bd6 44. h6 g6 45. b5 a5 46. Nb2 Bb8 47. Nc4 Bc7 48. Nb2 Kd6 49. Nc4+ Kc5 50.
Nxe5 Bxe5 51. Kxe5 d3 52. Kf6 d2 53. Kg7 d1=Q 54. Kxh7 Qxa4 55. Kxg6 Qe4+ 56.
Kh5 a4 57. g6 a3 58. h7 Qe5+ 59. Kh6 Qf4+ 60. g5 Qh4+ 61. Kg7 a2 62. Kg8 a1=Q
63. g7 Qxg5 64. h8=Q Qgxg7+ 65. Qxg7 Qxg7+ 66. Kxg7 Kxb5 67. Kf6 Kc4 68. Ke5 b5
69. Ke4 b4 70. Ke3 Kc3 0-1

[Event "18e tournoi de Noël"]
[Site "Montigny le Bretonneux"]
[Date "2017.12.29"]
[Round "5.12"]
[White "Grandjean, Anthony"]
[Black "Ferreira Da Silva, Jose Candido"]
[Result "1-0"]
[WhiteElo "1687"]
[BlackElo "1390"]
[Annotator "Rivier,Sylvain"]
[PlyCount "105"]
[EventDate "2017.??.??"]

{Défense sicilienne, système fermé} 1. e4 c5 2. Nc3 Nc6 3. f4 d6 4. Bb5 a6 5.
Bxc6+ bxc6 6. Nf3 e6 7. O-O Ne7 8. d3 d5 9. e5 Nf5 10. Qe1 Rb8 11. g4 Nd4 12.
Nxd4 cxd4 13. Ne2 c5 14. Qg3 Be7 15. g5 g6 16. b3 a5 17. a4 Ba6 18. Rf3 Qb6 19.
Qf2 Rd8 20. Ba3 c4 21. Bxe7 Kxe7 22. Qxd4 Qxd4+ 23. Nxd4 Bb7 24. Nb5 cxb3 25.
cxb3 d4 26. Rf2 h5 27. Rc1 Ba6 28. Rfc2 Bxb5 29. axb5 Rd7 30. Rc7 Rb8 31. R1c5
Kd8 32. Rxd7+ Kxd7 33. Kf2 Rc8 34. Rxc8 Kxc8 35. Kf3 Kc7 36. Ke4 Kb6 37. Kxd4
Kxb5 38. Kc3 Kc5 39. d4+ Kb5 40. Kd3 h4 41. h3 Kc6 42. Kc4 Kb6 43. d5 exd5+ 44.
Kxd5 Kb5 45. f5 Kb4 46. fxg6 fxg6 47. e6 Kxb3 48. e7 a4 49. e8=Q a3 50. Qe3+
Kb2 51. Qd2+ Kb1 52. Qb4+ Ka2 53. Kc4 1-0

[Event "18e tournoi de Noël"]
[Site "Montigny le Bretonneux"]
[Date "2017.12.29"]
[Round "5.13"]
[White "Fruchard, Alois"]
[Black "Montay, Jean-Paul"]
[Result "1/2-1/2"]
[WhiteElo "1331"]
[BlackElo "1360"]
[Annotator "Rivier,Sylvain"]
[PlyCount "78"]
[EventDate "2017.??.??"]

{Gambit dame} 1. d4 d5 2. c4 e6 3. Nc3 Nf6 4. Nf3 Be7 5. e3 O-O 6. Bd3 dxc4 7.
Bxc4 Nc6 8. O-O a6 9. a4 Bb4 10. Bd2 Bxc3 11. Bxc3 Nd5 12. e4 Nxc3 13. bxc3 Re8
14. e5 Na5 15. Bd3 b6 16. Qc2 g6 17. Be4 Bb7 18. Bxb7 Nxb7 19. Qd2 f5 20. Rfd1
Qe7 21. c4 Rad8 22. d5 exd5 23. cxd5 Nc5 24. Qa2 Kg7 25. Qc4 h6 26. Rd4 g5 27.
h3 Qf7 28. e6 Qf6 29. Re1 Re7 30. Ne5 Ne4 31. Nc6 Nd6 32. Qxa6 Ree8 33. Nxd8
Qxd4 34. Nc6 Qxd5 35. Nb4 Qa5 36. Qxa5 bxa5 37. Nc6 Nc4 38. e7 Kf6 39. f3 h5
1/2-1/2